00603nam a2200241Ia 4500008004000000020001500040041000800055082001500063100002000078245009700098260003700195300001100232650001000243650000600253650001600259650000900275650001800284650001500302650001100317650000700328650001800335650000800353210210b2007 xxu||||| |||| 00| 0 eng d a8131601196 aeng a320.8 SINW aSINGLA (Pamela) aWomens participation in panchayati raj: nature and effectivenessbNorthern India perspective aJaipurbRawat Publicationsc2007 aix,285 aWomen as aReservation araj: aparticipation apanchayati anature ain aeffectiveness aand